Top 40 Most Watched TV Shows in the USA 2013 Quiz Stats

Quiz not verified by Sporcle

Challenge
Share
Tweet
Embed
Score 0/40 Timer 10:00
0 Plays Today
Number TV Show % Correct
3Big Bang Theory
75.2%
19CSI
70.7%
1NCIS
68.8%
16Modern family
57%
34How I Met Your Mother
56.8%
10The Voice
51.7%
13Voice-Tuesday
51.7%
23Grey's Anatomy
50%
28Two and a Half Men
49%
27Survivor: Blood V Water-FL-3
48.6%
4NCIS: LA
45.7%
8Dancing With the Stars
44.6%
40Law and Order:SVU
39.9%
21Scandal
39.7%
22Good Wife
38%
25Football Night in America 3
37.6%
14Criminal Minds
37%
1560 Minutes
35.1%
24Mentalist
33.5%
2NFL Sunday Night Football
32.2%
Number TV Show % Correct
7NFL Sunday Night Pre-Kick
32.2%
35Bones
32.2%
372 Broke Girls
32.2%
32Mike and Molly
32%
11Blue Bloods
30.4%
33Amazing Race
30.2%
36The Middle
30%
38Once Upon a Time
29.5%
5Blacklist
28.5%
12Castle
28.5%
9The OT-FOX
26.7%
18Hawaii Five-0
26.4%
6Person of Interest
26.2%
17Elementary
24.2%
29Chicago Fire
24%
31Sleepy Hollow
15.7%
30Marvels Agents of S.H.I.E.L.D
14.9%
20Millers
13%
26Crazy Ones
11.4%
39Undercover Boss
8.9%

You're not logged in!

Compare scores with friends on all Sporcle quizzes.
Sign Up with Email
OR
Log In

You Might Also Like...

Show Comments

Extras

Top Quizzes Today


Score Distribution

Your Account Isn't Verified!

In order to create a playlist on Sporcle, you need to verify the email address you used during registration. Go to your Sporcle Settings to finish the process.

Report this User

Report this user for behavior that violates our Community Guidelines.

Details: